1016 1016 1953 1453 1370 1114 1236 1908 1435 1391 1094 1391 1340 1043 1222 1537 1020 1022 1757 1091 1204 1654 1206 1695 1048 1699 1244 1494 1031 1478 1208 1492 1569 1202 1990 1451 1500 1636 1668 1346 1416 1861 1133 1244 1893 1419 1738 1330 1426 1632 1827 1610 1189 1031 1576 1574 1422 1652 1790 1721 1619 1783 1050 1663 1646 1892 1378 1798 1748 1424 1207 1314 1432 1184 1862 1904 1044 1837 1801 1571 1796 1918 1965 1740 1546 1035 1161 1382 1316 1816 1472 1658 1406 1611 1996 1653 1645 1965 1287 BCNSPRNW ULIB Ver.6.0+V

เปลี่ยนเป็นภาษาไทย

Change to English
 แสดงรายละเอียดบรรณานุกรม
  กลับหน้าหลัก

Brief Record : Get Marc (ISO 2709) : E-mail record : QR code < ปิดหน้าต่าง
LEADER : 00000nam 2200000uu 4500
001    13399110907
003     ULIB
008    110613s||||||||th 000 0 tha d
020    9749006488
050  4 AC158^bจ716ช 2546
100    เจนเนอร์ แจน
245    ชีวิตสัตว์โลก/ ^cผู้แต่ง เอ็กซ์ไลน์, โจเซฟ ดี; แปลและเรียบเรียง ตรัยเทพ เกษศิลป์
246 31 สำรวจโลกวิทยาศาสตร์
260    กรุงเทพฯ : ^bเพียร์สัน เอ็ดดูเคชั่น อินโดไชน่า, ^c2546
300    208 หน้า : ^bภาพประกอบ ; ^c28 ซม.
490    สำรวจโลกวิทยาศาสตร์
650    สัตว์
650    วิทยาศาสตร์ ^xการทดลอง
700    ตรัยเทพ เกษศิลป์, ^eผู้แปล
945    ^p0^l0^i028560
995    ทศพร
999 ^a ใช้งานได้ทุกระบบ
รายการนี้ยังไม่มีแท็ก
คุณยังไม่ได้ล็อกอิน คุณสามารถมีกิจกรรมร่วมกับเว็บไซต์ได้ แต่ต้องล็อกอินก่อน ::
  ล็อกอิน

รายการสื่อสารสนเทศ

ลำดับที่ ประเภท เลขเรียก/บาร์โค้ด สถานที่ สถานะ
- ไม่พบข้อมูล -

รายการใกล้เคียง
    ผู้แต่ง [เจนเนอร์ แจน]

    หัวเรื่อง [สัตว์]

BibComment


ยังไม่เคยถูกคอมเมนท์

คอมเมนท์ทรัพยากรรายการนี้
  คอมเมนท์: ชีวิตสัตว์โลก ผู..


 Copyright 2026. Bcnsprnw @Library